000 00645nam a2200181 4500
008 020620s2001 enk 1 eng
020 _a1841272388 :USD24.95
090 _aBS2555.2
_bG61
100 1 _aGoodacre, Mark
245 1 0 _aThe synoptic problem :
_ba way through the maze /
_cMark Goodacre.
260 _aLondon :
_bSheffield Academic Press,
_cc2001.
300 _a178 p.
490 1 _aThe biblical seminar; 80.
504 _aBiblio: pp. 174-175 / Includes index
650 4 _aBible. N.T. Gospels
_xCriticism, interpretation, etc.
650 4 _aSynoptic problem.
951 _p24986
_x00031110
_oBS2555.2/G61
_j070613111127265
_d2000-12-21
_cGC
999 _c8935
_d8935